| 000 | 00989nmm a2200313 a 4500 | ||
|---|---|---|---|
| 001 | 0000014702 | ||
| 003 | CO-CtgCURN | ||
| 005 | 20250515223825.0 | ||
| 007 | co cga---uuuuu | ||
| 007 | ta | ||
| 008 | 160627s2003 i eng d | ||
| 020 | _a9586531058 | ||
| 040 |
_aCO-CtgCURN _bspa _ccoctgcurn |
||
| 082 | 0 |
_a347.05 _bL34c |
|
| 110 | 2 | _aLegis. | |
| 245 | 1 | 0 |
_aCódigo de procedimiento civil _h[electronic resource] / _cLegis. |
| 250 | _a12a ed. | ||
| 260 |
_aBogotá : _bLegis, _c2003. |
||
| 300 | _a617 p. + 1 Cd - Rom. | ||
| 336 | _2rdacontent | ||
| 337 |
_2rdamedia _asin mediacion _bn |
||
| 338 |
_2rdacarrier _avolumen _bnc |
||
| 490 | 1 | _aColección códigos basicos | |
| 505 | 8 | _aSujetos del proceso.--Actos procesales.--Los procesos.--Medidas cautelares.--Cuestiones varias | |
| 650 | 1 | 4 | _aCódigo de procedimiento civil. |
| 908 | _a160627 | ||
| 942 |
_cBK _h347.05 _iL34c _2ddc _n0 |
||
| 999 |
_c20446 _d20446 |
||